000 00650 a2200169 4500
003 Nust
005 20170207153454.0
040 _cNust
082 _a956
100 _aRondot Pierre
245 _aThe Changing Patterns of the Middle East
260 _aLondon
_bChatto and windus
505 _aThe Crisis of 1958(Page-13) The Board and the Pieces (Page-45) The Period of Arab Nationalism (Page-65) The Period of Arab-Israeli Tension (Page-103) The Period of Soviet Intervention (Page-147) The Middle East in the Shadow Asia (Page-179)
538 _aAlmirah No.63 Shelf No.4
600 _aPierre Rondot
650 _aChanging Patterns of the Middle East
942 _2ddc
_cBK
999 _c187009
_d187009